Statistiques concernant Formes de pays fusionnés n°2

Cliquez ici pour prendre le quiz!

Statistiques générales

  • Ce quiz a été pris 6,242 fois
  • Le résultat moyen est 20 sur 32

Statistiques - réponses

Pays % Correct
France
100%
Italie
99%
Grèce
86%
Turquie
83%
Chine
83%
Argentine
82%
Maroc
81%
Algérie
81%
Mongolie
77%
Uruguay
75%
Thaïlande
74%
Albanie
72%
Israël
69%
Bulgarie
67%
Malaisie
67%
Mali
66%
Liban
65%
Sénégal
57%
Pérou
56%
Irak
56%
Arabie Saoudite
54%
Tchad
53%
Jordanie
53%
Équateur
51%
Nigeria
50%
Émirats arabes unis
47%
Érythrée
28%
Estonie
27%
Djibouti
27%
Lettonie
26%
Guatemala
20%
Honduras
20%

Distribution des résultats

Percentile by Number Answered

% des personnes avec chaque résultat

Votre développement - résultats

Vous n’avez pas pris ce quiz